Statistics for St Louis Cardinals playoff years

Click here to take the quiz!

General Stats

  • This quiz has been taken 111 times
  • The average score is 13 of 21

Answer Stats

HintAnswer% Correct
2016No Playoffs
90%
2011World Series
75%
2013World Series
73%
2014NLCs
72%
2012NLCs
70%
2015NLDs
68%
2006World Series
65%
2004World Series
63%
2005NLCs
60%
2009NLDs
60%
2007No playoffs
59%
2002NLCs
57%
2000NLCs
57%
2001NLDs
57%
2008No playoffs
57%
2010No Playoffs
57%
2003No Playoffs
56%
1999No Playoffs
54%
1998No Playoffs
54%
1997No Playoffs
54%
1996NLCs
48%

Score Distribution

Percentile by Number Answered

Percent of People with Each Score

Your Score History

You have not taken this quiz